Team Name Think Detail

Matt Bollinger, Mike Sorice, Matt Lafer, Ethan Strombeck


Beliefs1415.7186%64%7%
Fine Arts - Classical Music and Opera1119.09100%73%18%
Fine Arts - Other Fine Arts918.89100%67%22%
Fine Arts - Visual Fine Arts616.67100%67%0%
Geography320.00100%33%67%
History - European History412.50100%25%0%
History - Other History721.43100%86%29%
History - US History920.0089%89%22%
History - World History616.6783%67%17%
Literature - American Literature623.33100%100%33%
Literature - British Literature620.00100%67%33%
Literature - European Literature720.00100%57%43%
Literature - World Literature1117.27100%73%0%
Modern World514.0080%60%0%
Other Academic316.67100%67%0%
Philosophy620.00100%83%17%
Science - Astronomy110.000%100%0%
Science - Biology87.5050%13%13%
Science - Chemistry811.2575%38%0%
Science - Earth Science110.00100%0%0%
Science - Other Science45.0050%0%0%
Science - Physics516.00100%60%0%
Social Science717.14100%57%14%